| 000 | 00888cam a22002652 4500 | ||
|---|---|---|---|
| 001 | 0000025383 | ||
| 005 | 20151217154528.0 | ||
| 008 | 150827s xx 000 0 eng d | ||
| 020 | _a0198702306 : | ||
| 040 |
_aKABU _cKABU |
||
| 100 | 1 |
_aCard, Richard. _@0000177785 |
|
| 245 | 1 | 0 |
_aCard, Cross & Jones Criminal Law / _cby Richard Card. |
| 250 | _a 21st ed. | ||
| 260 |
_aUK : _bO. U. P., _c2014. |
||
| 300 | _a xxvii, 812p. | ||
| 908 | _a150827 | ||
| 950 | _@1 | ||
| 999 |
_c11676 _d11676 |
||